Statistics for Srpski književnici i njihova dela

Click here to take the quiz!

General Stats

  • This quiz has been taken 455 times
    (395 since last reset)
  • The average score is 23 of 40

Answer Stats

Poznata delaKnjiževnik% Correct
Na Drini ćuprija / Mostovi / Prokleta avlijaIvo Andrić
100%
Seobe / Roman o Londonu / Lament nad BeogradomMiloš Crnjanski
92%
Krvava bajka / PredosećanjeDesanka Maksimović
90%
Hajduci / Autobiografija / Sumnjivo liceBranislav Nušić
89%
Bašta sljezove boje / Orlovi rano lete / Magareće godineBranko Ćopić
85%
Pačja škola / Ala je lep ovaj svet / ĐulićiJovan Jovanović Zmaj
84%
Derviš i smrt / Tvrđava / OstrvoMeša Selimović
83%
Međ javom i međ snom / Santa Maria della SaluteLaza Kostić
79%
Život i priključenija / Pismo HaralampijuDositej Obradović
76%
Pop Ćira i pop Spira / Čiča Jordan / Zona ZamfirovaStevan Sremac
76%
Plavi čuperak / Plava zvezda / Šašava pesmaMiroslav Antić
75%
Koreni / Vreme smrtiDobrica Ćosić
74%
Nečista krv / Koštana / U noći / Naš BožićBorislav Stanković
73%
Jazavac pred sudom / Kroz mećavu / Mračajski protoPetar Kočić
70%
Srpski rječnik / Žitije Hajduk Veljka PetrovićaVuk Stefanović Karadžić
69%
Pokondirena tikva / Rodoljupci / Tvrdica (Kir Janja)Jovan Sterija Popović
68%
Bašta / Pepeo / Rani jadi / Enciklopedija mrtvihDanilo Kiš
67%
Prvi put s ocem na jutrenje / Sve će to narod pozlatitiLaza Lazarević
67%
Pretprazničko veče / Emina / Moja otadžbinaAleksa Šantić
60%
Plava grobnica / Zemlja olujeMilutin Bojić
58%
Među svojima / Tamnica / NirvanaVladislav Petković Dis
57%
Vođa / DangaRadoje Domanović
56%
Đački rastanak / Tuga i opomenaBranko Radičević
55%
Pisma iz Norveške / Gospa Nola / BureIsidora Sekulić
55%
Na Liparu / Veče / Otadžbina / OraoĐura Jakšić
53%
Suncokreti / Podne / Selo / JablanoviJovan Dučić
51%
Hazarski rečnik / Predeo slikan čajemMilorad Pavić
50%
Hajduk StankoJanko Veselinović
48%
Balkanski špijun / Radovan TrećiDušan Kovačević
45%
Kad su cvetale tikveDragoslav Mihajlović
44%
Ovo je vreme čuda / U jednom danu / Deca mogu da poleteLjubivoje Ršumović
44%
Simonida / Nasleđe / JasikaMilan Rakić
42%
Poštovana deco / Smešne reči / Pričam ti pričuDuško Radović
35%
Lelejska gora / Izvidnica / Prvi snijegMihailo Lalić
27%
Uzalud je budim / Balada ohridskim trubadurimaBranko Miljković
26%
Šešir profesora Koste VujićaMilovan Vitezović
26%
Večiti mladoženjaJakov Ignjatović
24%
IzbiračicaKosta Trifković
23%
Mamac / Šetnje pored rekeDavid Albahari
19%
Domovina / SutonDušan Vasiljev
13%

Score Distribution

Percentile by Number Answered

Percent of People with Each Score

Your Score History

You have not taken this quiz since the last reset